00463nam a2200169Ia 4500999001700000003000400017005001700021008004100038040000900079082001900088100002600107245005100133260004400184300000900228650001200237942004400249 c26919d26919OSt20210107131041.0190216s9999||||xx |||||||||||||| ||und|| coclc a894.812bPAN/P aPaniker, Ayyappa9337 0aPathu Kavithakal Padanangal /cAyyappa Paniker bPoorna Publications,c1989.aKozhikode: a215p aPadanam cBK2ddch894.812iPAN/Pk894.812mPAN/P